000 00602nam a2200229Ia 4500
003 OSt
005 20220928102050.0
006 a|||||r|||| 00| 0
007 ta
008 220927b |||||||| |||| 00| 0 eng d
024 _a52079
037 _cTextual
040 _aSDCL
_cSDCL
_beng
041 _2eng
_aeng
082 _aO152,3M901,10, K6
100 _aVerma Vrindalal
_9396342
245 0 _aRamgarh ke rani.
260 _aJhansi
_bMayur Prakashan
_c1966
300 _a139p.
_ccm.
942 _hO152,3M901,10, K6
_cTEXL
_2CC
999 _c712058
_d712058